00325nam a2200121Ia 4500008004100000020001400041050001500055100001900070245003600089260004100125300002400166650001300190150202s9999 xx 000 0 und d a380781468 aFIC bFIC  aJoyce, Brenda. aBeyond scandal /cBrenda Joyce. aNew York :bBallantine Books,c1995. a422 pages :c18 cm. aFiction.